000 00732cam a2200229 4500500
005 20260405003219.0
041 _afre
042 _adc
100 1 0 _aRobin, Anne
_eauthor
245 0 0 _aGuillaume le Blanc : “Accepter la vaccination, c’est assumer l’intégralité de nos vulnérabilités”
260 _c2021.
500 _a14
690 _aComplotisme
690 _aCovid-19
690 _aGuillaume Le Blanc
690 _aIndividualisme
690 _aSanté
690 _avaccin
690 _aVulnérabilité
786 0 _nPhilosophie magazine | 146 | 2 | 2021-02-01 | p. 35-35 | 1951-1787
856 4 1 _uhttps://shs.cairn.info/magazine-philosophie-magazine-2021-2-page-35?lang=fr&redirect-ssocas=7080
999 _c2065435
_d2065435